|
|
|
|
| LEADER |
00000nab a2200000ua 4500 |
| 001 |
vtls010779284 |
| 003 |
SK-MaSNL |
| 005 |
20260303191208.0 |
| 008 |
230214s1972 xo |||||||||||||||||slo| |
| 035 |
|
|
|a (urnnbn)urn:nbn:sk:snk:ar-a03gq4
|
| 035 |
|
|
|a (uuid)a35ba373-094e-4693-bd0f-934120eac8dc
|
| 035 |
|
|
|a urn:nbn:sk:snk-ab59ju
|
| 040 |
|
|
|a SNKBUCL
|b slo
|c SNKBUCL
|e AACR2
|
| 041 |
0 |
|
|a slo
|
| 044 |
|
|
|a xo
|c SK
|
| 100 |
1 |
|
|a Červeňanský, Ján,
|d 1905-1977
|4 aut
|9 86646
|
| 245 |
1 |
0 |
|a SMILLIE S.: INJURIES OF THE KNEE JOINT (Úrazy kolena)
|c J. Červeňanský
|
| 773 |
0 |
|
|t Bratislavské lekárske listy
|g Roč. 58, č. 3 (1972), s. 378
|
| 954 |
|
|
|a odborná, vedecká literatúra pôvodná (slovenská)
|2 lita
|
| 958 |
|
|
|a OND
|
| 958 |
|
|
|a EUIPO
|
| 958 |
|
|
|a article3
|
| 999 |
|
|
|c 2139883
|d 2141813
|